|
|
|
|
| LEADER |
00000cam a22000004a 4500 |
| 001 |
musev2_43014 |
| 003 |
MdBmJHUP |
| 005 |
20230905044514.0 |
| 006 |
m o d |
| 007 |
cr||||||||nn|n |
| 008 |
160606s2015 xx o 00 0 eng d |
| 020 |
|
|
|a 9781613763698
|
| 020 |
|
|
|z 9781625341976
|
| 020 |
|
|
|z 1625341970
|
| 020 |
|
|
|z 1613763697
|
| 035 |
|
|
|a (OCoLC)929784673
|
| 040 |
|
|
|a MdBmJHUP
|c MdBmJHUP
|
| 100 |
1 |
|
|a Bradley, Doug,
|d 1947-
|
| 245 |
1 |
0 |
|a We Gotta Get Out of This Place :
|b The Soundtrack of the Vietnam War
|
| 264 |
|
1 |
|a Amherst :
|b University of Massachusetts Press,
|c 2015.
|
| 264 |
|
3 |
|a Baltimore, Md. :
|b Project MUSE,
|c 2016
|
| 264 |
|
4 |
|c ©2015.
|
| 300 |
|
|
|a 1 online resource (240 pages).
|
| 336 |
|
|
|a text
|b txt
|2 rdacontent
|
| 337 |
|
|
|a computer
|b c
|2 rdamedia
|
| 338 |
|
|
|a online resource
|b cr
|2 rdacarrier
|
| 490 |
0 |
|
|a Culture, Politics, and the Cold War
|
| 505 |
0 |
|
|a Cover; Title Page; Copyright; Dedication; Contents; Acknowledgments; Introduction: The Vietnam Veterans' National Anthem; 1. "Goodbye My Sweetheart, Hello Vietnam": The Soundscape Takes Shape; 2. "Bad Moon Rising": The Soundtracks of LBJ's War; 3. "I-Feel-Like-I'm-Fixin'-To-Die": Protest, Pot, Black Power, and the (Psychedelic) Sound of Nixon's War; 4. "Chain of Fools": Radios, Guitars, Eight Tracks (and Silence in the Field); 5. "What's Going On": Music and the Long Road Home; Notes; Notes on Interviews; Sources for Solos and Duet; Index; Back Cover.
|
| 520 |
|
|
|a For a Kentucky rifleman who spent his tour trudging through Vietnam's Central Highlands, it was Nancy Sinatra's ""These Boots Are Made for Walkin'."" For a ""tunnel rat"" who blew smoke into the Viet Cong's underground tunnels, it was Jimi Hendrix's ""Purple Haze."" For a black marine distraught over the assassination of Martin Luther King Jr., it was Aretha Franklin's ""Chain of Fools."" And for countless other Vietnam vets, it was ""I Feel Like I'm Fixin' to Die, "" ""Who'll Stop the Rain, "" or the song that gives this book its title. In We Gotta Get Out of This Place, Doug Bradley and Craig Werner place popular music at the heart of the American experience in Vietnam. They explore how and why U.S. troops turned to music as a way of connecting to each other and the World back home and of coping with the complexities of the war they had been sent to fight. They also demonstrate that music was important for every group of Vietnam veterans -- black and white, Latino and Native American, men and women, officers and ""grunts""--Whose personal reflections drive the book's narrative. Many of the voices are those of ordinary soldiers, airmen, seamen, and marines. But there are also ""solo"" pieces by veterans whose writings have shaped our understanding of the war -- Karl Marlantes, Alfredo Vea, Yusef Komunyakaa, Bill Ehrhart, Arthur Flowers -- as well as songwriters and performers whose music influenced soldiers' lives, including Eric Burdon, James Brown, Bruce Springsteen, Country Joe McDonald, and John Fogerty. Together their testimony taps into memories -- individual and cultural -- that capture a central if often overlooked component of the American war in Vietnam. -- Provided by publisher
|
| 546 |
|
|
|a English.
|
| 588 |
|
|
|a Description based on print version record.
|
| 650 |
|
7 |
|a Popular music
|x Social aspects.
|2 fast
|0 (OCoLC)fst01071460
|
| 650 |
|
7 |
|a Popular music.
|2 fast
|0 (OCoLC)fst01071422
|
| 650 |
|
7 |
|a Music and war.
|2 fast
|0 (OCoLC)fst01030492
|
| 650 |
|
7 |
|a MUSIC
|x General.
|2 bisacsh
|
| 650 |
|
7 |
|a MUSIC
|x Instruction & Study
|x Theory.
|2 bisacsh
|
| 650 |
|
6 |
|a Musique populaire
|x Histoire et critique.
|
| 650 |
|
0 |
|a Popular music
|x History and criticism.
|
| 650 |
|
0 |
|a Popular music
|x History and criticism
|y 1971-1980.
|
| 650 |
|
0 |
|a Popular music
|x History
|x Social aspects
|z United States
|y 1961-1970
|
| 650 |
|
0 |
|a Vietnam War, 1961-1975
|z United States
|x Music and the war
|y 20th century.
|
| 651 |
|
7 |
|a United States.
|2 fast
|0 (OCoLC)fst01204155
|
| 655 |
|
7 |
|a Criticism, interpretation, etc.
|2 fast
|0 (OCoLC)fst01411635
|
| 655 |
|
7 |
|a History.
|2 fast
|0 (OCoLC)fst01411628
|
| 655 |
|
7 |
|a Electronic books.
|2 local
|
| 700 |
1 |
|
|a Werner, Craig.
|
| 710 |
2 |
|
|a Project Muse.
|e distributor
|
| 830 |
|
0 |
|a Book collections on Project MUSE.
|
| 856 |
4 |
0 |
|z Texto completo
|u https://projectmuse.uam.elogim.com/book/43014/
|
| 945 |
|
|
|a Project MUSE - Custom Collection
|
| 945 |
|
|
|a Project MUSE - 2016 Complete
|
| 945 |
|
|
|a Project MUSE - 2016 History
|